000 01137pam a2200325 a 4500
001 3071717
003 PILC
005 20160106090651.0
008 970722s1998 nyu c 000 1 eng
010 _a 97030237
020 _a0689817525
040 _aDLC
_cDLC
_dDLC
042 _alcac
050 0 0 _aPZ 7
_b.M478 1998
082 0 0 _a[Fic]
100 1 _aMcKay, Hilary.
245 1 4 _aThe exiles in love /
_cHilary McKay.
250 _a1st U.S. ed.
260 _aNew York :
_bMargaret K. McElderry Books,
_c1998.
300 _a170 pages ;
_c22 cm.
500 _a"First published in 1996"--verso t.p.
520 _aWhen Big Grandma takes the four Conroy sisters on holiday as a cure for the "family failing," the girls wonder if their grandmother herself is still susceptible to it.
650 1 _aSisters
_xFiction.
650 1 _aGrandmothers
_xFiction.
651 1 _aEngland
_xFiction.
906 _a7
_bcbc
_corignew
_d1
_eocip
_f19
_gy-gencatlg
942 _2lcc
_cBK
_kFOR
999 _c289037
_d289037